000 01001nam a2200277 i 4500
001 bg
100 1 _aKUCZMA, Mieczysław Sylwester
245 1 0 _aApplication of variational inequalities in the mechanics of plastic flow and martensitic phase transformations /
_cMieczysław Sylwester Kuczma.
260 _aPoznań :
_bWydaw. PP,
_c1999.
300 _a139, [1] s. :
_bil. ;
_c24 cm.
490 1 _aRozprawy / Politechnika Poznańska,
_x0551-6528 ;
_vnr 352
500 _aStreszcz. pol.
504 _aBibliogr.
650 9 _aKonstrukcje
_xmechanika
650 9 _aMetoda elementów skończonych
_xstosowanie
650 9 _aPlastyczność
_xteoria
650 9 _aPrzemiany fazowe
_xzagadnienia
650 9 _aRachunek wariacyjny
_xstosowanie
650 9 _aStopy (metalurg.)
_xfizyka
830 0 _aRozprawy (Politechnika Poznańska) ;
_vnr 352
040 _cBPK
041 0 _aen
_bpl
080 _a669.017/.018:536.7:624.014:539.5:517.97
942 _cKS
008 s pl f |000 0 pol
999 _c37963
_d37963
856 _uhttp://koha.tu.koszalin.pl/cgi-bin/koha/opac-detail.pl?biblionumber=37963
_yKatalog online BPK